Иодирование и диазотирование-иодирование ароматических соединений. Синтез, строение и свойства стабильных арилдиазоний тозилатов: автореферат диссертации на соискание ученой степени кандидата химических наук; спец. 02.00.03

Detalles Bibliográficos
Autor principal: Трусова М. Е. Марина Евгеньевна
Autor Corporativo: Томский политехнический университет (ТПУ)
Otros Autores: Филимонов В. Д. Виктор Дмитриевич (научный руководитель)
Sumario:Защита сост. 24.06.2009 г.
Lenguaje:ruso
Publicado: Томск, [Б. и.], 2009
Materias:
Formato: Libro
KOHA link:https://koha.lib.tpu.ru/cgi-bin/koha/opac-detail.pl?biblionumber=164877

MARC

LEADER 00000nam0a2200000 4500
001 164877
005 20231220154630.0
035 |a (RuTPU)RU\TPU\book\178873 
035 |a RU\TPU\book\178874 
090 |a 164877 
100 |a 20090911d2009 k y0rusy50 ca 
101 0 |a rus 
102 |a RU 
105 |a a dm 001zy 
200 1 |a Иодирование и диазотирование-иодирование ароматических соединений. Синтез, строение и свойства стабильных арилдиазоний тозилатов  |e автореферат диссертации на соискание ученой степени кандидата химических наук  |e спец. 02.00.03  |f М. Е. Трусова  |g Томский политехнический университет (ТПУ) ; науч. рук. В. Д. Филимонов 
210 |a Томск  |c [Б. и.]  |d 2009 
215 |a 22 с.  |c ил. 
300 |a Защита сост. 24.06.2009 г. 
320 |a Библиогр.: с. 21-22 (16 назв.). 
452 1 |0 (RuTPU)RU\TPU\book\185898  |t Иодирование и диазотирование-иодирование ароматических соединений. Синтез, строение и свойства стабильных арилдиазоний тозилатов  |o автореферат диссертации на соискание ученой степени кандидата химических наук  |o спец. 02.00.03  |f М. Е. Трусова  |g Томский политехнический университет (ТПУ) ; науч. рук. В. Д. Филимонов  |c Томск  |d 2009  |a Трусова, Марина Евгеньевна 
606 1 |a Ароматические соединения  |x Химия  |2 stltpush  |3 (RuTPU)RU\TPU\subj\76565  |9 87575 
610 1 |a гетероциклы 
610 1 |a арены 
610 1 |a электрофильное иодирование 
610 1 |a косвенное иодирование 
610 1 |a синтез 
610 1 |a тозилаты 
610 1 |a структура 
610 1 |a квантово-химические исследования 
610 1 |a авторефераты диссертаций 
675 |a 547.52(04)  |v 3 
686 |a 02.00.03  |2 oksvnk 
700 1 |a Трусова  |b М. Е.  |g Марина Евгеньевна 
702 1 |a Филимонов  |b В. Д.  |c химик  |c профессор Томского политехнического университета, доктор химических наук  |f 1945-  |g Виктор Дмитриевич  |3 (RuTPU)RU\TPU\pers\12908  |4 727  |9 3693 
712 0 2 |a Томский политехнический университет (ТПУ)  |c (1991- )  |3 (RuTPU)RU\TPU\col\376 
801 1 |a RU  |b 63413507  |c 20090911 
801 2 |a RU  |b 63413507  |c 20170620  |g RCR 
942 |c BK